|
|
|
|
| LEADER |
00662nab a2200193 i 4500 |
| 001 |
misc42944 |
| 005 |
20191106140405.0 |
| 008 |
180720s2017 hu o 0|| zxx d |
| 022 |
|
|
|a 1215-5233
|
| 040 |
|
|
|a SZTE Miscellanea Repozitórium
|b hun
|
| 041 |
|
|
|a zxx
|
| 100 |
1 |
|
|a Krausz Anita
|
| 245 |
1 |
0 |
|a Kritikusan az iskolapadban
|h [elektronikus dokumentum] /
|c Krausz Anita
|
| 260 |
|
|
|c 2017
|
| 300 |
|
|
|a 212-214
|
| 490 |
0 |
|
|a Iskolakultúra
|v 27 No. 1-12
|
| 695 |
|
|
|a Gondolkodás fejlesztése - iskolai oktatás - könyvismertetés
|
| 700 |
0 |
1 |
|a Fábián Gyöngyi
|
| 856 |
4 |
0 |
|u http://misc.bibl.u-szeged.hu/42944/1/iskolakultura_2017_001_012_212-214.pdf
|z Dokumentum-elérés
|